000 00396nam a22001457a 4500
003 SGT
082 _a617.3
_bE23P
100 _aPADHIYAR, MAHIPAL AJITSINH
245 _aEvaluation of CT based 3D printing in pre-operative planning of displaced intra articular fractures
260 _aGURUGRAM
_bSGT UNIVERSITY
_c2023
300 _a70
650 _aORTHOPAEDIC
653 _aM.S
942 _2ddc
_cTH
999 _c26532
_d26532